The seven deadly skills of communicating/ (Record no. 7819)

MARC details
000 -LEADER
fixed length control field 00572nam a22001937a 4500
003 - CONTROL NUMBER IDENTIFIER
control field OSt
005 - DATE AND TIME OF LATEST TRANSACTION
control field 20260126073414.0
008 - FIXED-LENGTH DATA ELEMENTS--GENERAL INFORMATION
fixed length control field 260126b |||||||| |||| 00| 0 eng d
020 ## - INTERNATIONAL STANDARD BOOK NUMBER
International Standard Book Number 981-4040-44-4
040 ## - CATALOGING SOURCE
Original cataloging agency DWC-Main Lib.
Transcribing agency OC
082 ## - DEWEY DECIMAL CLASSIFICATION NUMBER
Edition number 7th ed.
Classification number Circ. 657.7 J715s 1999
100 ## - MAIN ENTRY--PERSONAL NAME
Personal name Jay, Ros
245 ## - TITLE STATEMENT
Title The seven deadly skills of communicating/
Statement of responsibility, etc. Ros Jay
250 ## - EDITION STATEMENT
Edition statement 7th ed.
260 ## - PUBLICATION, DISTRIBUTION, ETC.
Place of publication, distribution, etc. London :
Name of publisher, distributor, etc. International Thomson pub., company,
Date of publication, distribution, etc. c1999.
300 ## - PHYSICAL DESCRIPTION
Extent 159 p. ;
Dimensions 23 cm.
500 ## - GENERAL NOTE
General note Include index.
942 ## - ADDED ENTRY ELEMENTS (KOHA)
Source of classification or shelving scheme Dewey Decimal Classification
Koha item type Book Circulation
Edition 7th ed.
Classification part Circ.
Suppress in OPAC No
952 ## - LOCATION AND ITEM INFORMATION (KOHA)
--
952 ## - LOCATION AND ITEM INFORMATION (KOHA)
--
Holdings
Withdrawn status Lost status Source of classification or shelving scheme Damaged status Not for loan Home library Current library Shelving location Date acquired Source of acquisition Cost, normal purchase price Total Checkouts Full call number Barcode Date last seen Copy number Price effective from Koha item type Uniform Resource Identifier
    Dewey Decimal Classification     College Library College Library Circulation 02/04/2003 School Fund 130.00   Circ. 657.7 J715s 1999 CL37032 01/26/2026 c1 01/26/2026 BK-CIRC
    Dewey Decimal Classification     College Library College Library Circulation 02/04/2003 School Fund 130.00   Circ. 657.7 J715s 1999 CL37034 01/26/2026 c2 01/26/2026 BK-CIRC